| 000 | 00000nas 2200000za 4500 |
| 001 | 9.506813 |
| 003 | CaOODSP |
| 005 | 20221107133710 |
| 007 | cr ||||||||||| |
| 008 | 150406c19899999onc x m o f0 a0eng|d |
| 040 | |aCaOODSP|beng |
| 043 | |an-cn--- |
| 086 | 1 |aXC26-1/1E-PDF |
| 110 | 1 |aCanada.|bHouse of Commons. |bStanding Committee on Finance. |
| 245 | 10|aReport of the Standing Committee on Finance |h[electronic resource]. |
| 260 | |a[Ottawa] : |bThe Committee, |c[1989]- |
| 310 | |aIrregular |
| 500 | |aIssued also in French under title: Rapport du Comité permanent des finances. |
| 692 | 07|2gccst|aFinance |
| 775 | 08|tRapport du Comité permanent des finances |w(CaOODSP)9.503208 |
| 776 | 0#|tReport of the Standing Committee on Finance / |w(CaOODSP)9.512324 |
| 780 | 00|tReport of the Standing Committee on Finance and Economic Affairs|w(CaOODSP)9.819696 |